00549nam a22001937a 4500003000500000005001700005008004100022010001000063011001000073035001000083040000900093082001700102100002100119245005600140260006900196300002000265650003700285650003300322CHAP20220329133923.0971013s1976 r 00010 d a12694 a13666 a17738 cCHAP a636.4085bH300aHayes, Virgil W. aPhosphorus in swinne nutritionb: literature review aDes Moines, Iowa :bNational Feed Ingredients Association,c1976 a60 h.b: tablas14aFósforo en nutrición animal.14aGanado porcinoxNutrición.